El portugués Esteban Gómez al servicio de España. Estudio histórico. Por J. T. Medina, miembro de la Hispanic Society of America. Escudo de armas de Esteban Gómez

Guardat en:
Dades bibliogràfiques
Format: Llibre
Idioma:espanyol
Publicat: Santiago Imprenta Elzeviriana 1908
Edició:1a. ed
Matèries:
Etiquetes: Afegir etiqueta
Sense etiquetes, Sigues el primer a etiquetar aquest registre!

MARC

LEADER 00000nam a2200000 a 4500
001 UCJ3466
003 CL-VaPUC
005 20230125074238.0
008 070124e19080910CL |||||||||||||||||spa|d
999 |c 319588  |d 319586 
040 |c Pontificia Universidad Católica de Valparaíso 
082 0 4 |a 983  |b MED  |2 21 
245 1 3 |a El portugués Esteban Gómez al servicio de España. Estudio histórico. Por J. T. Medina, miembro de la Hispanic Society of America. Escudo de armas de Esteban Gómez 
250 |a 1a. ed 
260 |a Santiago  |b Imprenta Elzeviriana  |c 1908 
300 |a 176 p 
500 |a Anteport.- v.: Tirada de 200 ejemplares.- Port.- v. en bl.- portada a dos tintas. p. 96, mapa plegado. Colofón: Aquí termina el estudio histórico sobre Esteban Gómez, el cual se acabó de imprimir en Santiago el día 10 de septiembre de mil novecientos ocho. Chiappa-Feliú Cruz, N§ 175 
583 |a last modification  |c 20070124 00:00:00  |k Rodrigo Vera 
600 0 7 |a GOMEZ, ESTEBAN  |2 CL-VaPUC  |9 505322 
600 0 7 |a MAGALLANES, HERNANDO DE  |2 CL-VaPUC  |9 368786 
600 0 |a Anglería, Pedro Mártir de,  |d 1457-1526  |9 394340 
600 0 7 |a ARIAS DAVILA, PEDRO  |2 CL-VaPUC  |9 505323 
650 7 |a NAVEGANTES  |2 CL-VaPUC  |9 450740 
650 0 |a Descubrimientos geográficos  |9 331933 
650 7 |a PORTUGUESES  |2 CL-VaPUC  |9 446290 
650 7 |a HERALDICA  |2 CL-VaPUC  |9 388228 
650 0 |a Mapas  |9 260844 
942 |c BK  |2 ddc 
945 |d 20070124 00:00:00  |a rinostro 
952 |0 0  |1 0  |4 0  |6 983_000000000000000_MED_1908  |7 0  |8 X  |9 397938  |a FDOBUD  |b FDOBUD  |d 2019-11-22  |i 1003844  |o 983 MED 1908  |p 1003844  |r 2019-11-22  |w 2019-11-22  |y BK_X  |k BUD